00588 2200205 4500001002100000005001700021008004100038020001800079035002400097082001200121090002400133100001100157245007300168260004600241300002800287504001500315650001400330700001700344999002100361YOGYA-0411000000008420110404092548.0 ind  a979-8681-52-5 0010-041100000000084 a781.759 a781.759bSuy ClDEP aSUYONO aCengkok gambangan wasitodiningratbSuyonoceditor bahasa Ana Samhuri aYogyakartabYayasan untuk Indonesiac2000 axib66 hlmcilusd21 cm ahlm. 51-53 aKarawitan aSamhuri, Ana aCB-D.11 2000-172